=LDR 00000nam 2200000 4500 =001 INLIS000000000810077 =005 20251016031811 =035 ##$$a 0010-1025000060 =008 251016###########################0#ind## =245 ##$$a Kitab Tauhid 2 /$c Syaikh Muhammad bin Abdul Wahhab =260 ##$:$b Darul haq =082 ##$$a 297.211 =084 ##$$a 297.211 ABD t